000 00385cam a22001217a 4500
008 180718b1971 xxu||||| |||| 00| 0 eng d
082 _aB6x5412 G346
100 _aGhosh, Sankar
245 _aDisinherited state: a study of West Bengal, 1967-70
_cby Sankar Ghosh
260 _aCalcutta
_bOrient Longman
_c1971
300 _a324p.
650 _aWest Bengal (India) --Politics and government.
999 _c345126
_d345126